| 000 | 00479cam a2200181ua 4500 | ||
|---|---|---|---|
| 041 |
_aeng _h |
||
| 082 |
_a662.88 _bOVE/FU |
||
| 100 | _aOverend, R P . | ||
| 245 |
_aFundamentals of thermochenical Biomass Conversion / _cR P Overend. _hTextual Documents |
||
| 250 |
_a1 / _b. |
||
| 260 |
_a : _bElsevier applied science publishers , _c1961. |
||
| 300 | _a1159 ; . | ||
| 504 | _a | ||
| 700 | 1 | _aMile, T A . | |
| 700 | 1 | _aMudge, L K . | |
| 942 | _cBK | ||
| 999 |
_c3392 _d3392 |
||